000 00267nam a22001217a 4500
008 181219b xxu||||| |||| 00| 0 eng d
041 _aeng
080 _a710
100 _a44
101 _aArt
245 _aNepal Where Gods Are Young
_cPal.p
942 _2udc
_cBK
999 _c53494
_d53494